| 000 | 00521nam a2200217Ia 4500 | ||
|---|---|---|---|
| 003 | OSt | ||
| 005 | 20220918192455.0 | ||
| 006 | a|||||r|||| 00| 0 | ||
| 007 | ta | ||
| 008 | 220917b |||||||| |||| 00| 0 eng d | ||
| 024 | _a68,589 | ||
| 037 | _cTextual | ||
| 040 |
_aARTS _cARTS _beng |
||
| 041 |
_2eng _aeng |
||
| 082 | _aR3, H01 | ||
| 100 |
_aPound Roscoe _979221 |
||
| 245 | 0 | _aContemporary juristic theory | |
| 260 | _c1940 | ||
| 942 |
_hR3, H01 _cTEXL _2CC |
||
| 999 |
_c194760 _d194760 |
||